Online
Catalog

Turismo en cifras 1990-2002 = Tourism in figures 1990-2002 / (Record no. 13775)

MARC details
000 -CABECERA
campo de control de longitud fija 01173nam a2200277 a 4500
001 - NÚMERO DE CONTROL
campo de control 000014174
005 - FECHA Y HORA DE LA ÚLTIMA TRANSACCIÓN
campo de control 20200929163515.0
008 - DATOS DE LONGITUD FIJA--INFORMACIÓN GENERAL
campo de control de longitud fija 091207s2002 dr ad 001 0 spa d
040 ## - FUENTE DE LA CATALOGACIÓN
Centro catalogador/agencia de origen DO-SdBNP
Lengua de catalogación spa
Centro/agencia transcriptor BNPHU
041 07 - CÓDIGO DE LENGUA
Código de lengua del texto/banda sonora o título independiente spa
-- ing
Fuente del código MARC
082 ## - NÚMERO DE LA CLASIFICACIÓN DECIMAL DEWEY
Número de clasificación 338.4791
Número de documento/Ítem R426t
110 1# - ENTRADA PRINCIPAL--NOMBRE DE ENTIDAD CORPORATIVA
Nombre de entidad corporativa o nombre de jurisdicción como elemento de entrada República Dominicana.
Unidad subordinada Secretaría de Estado de Turismo
9 (RLIN) 32026
245 10 - MENCIÓN DE TÍTULO
Título Turismo en cifras 1990-2002 = Tourism in figures 1990-2002 /
Mención de responsabilidad, etc. presentación Rafael Suberví Bonilla.
260 ## - PUBLICACIÓN, DISTRIBUCIÓN, ETC.
Lugar de publicación, distribución, etc. Santo Domingo :
Nombre del editor, distribuidor, etc. Secretaría de Estado de Turismo,
Fecha de publicación, distribución, etc. [2002?].
300 ## - DESCRIPCIÓN FÍSICA
Extensión 119 p. :
Otras características físicas il., gráfcs., tablas. ;
Dimensiones 28. cm.
501 ## - NOTA DE "CON"
Nota de “Con” Encuadernado con: Tourism in figures 1990-2002.
546 ## - NOTA DE LENGUA/LENGUAJE
Nota de lengua/lenguaje Texto en Inglés y Español.
563 ## - NOTA DE ENCUADERNACIÓN
Nota de encuadernación Dos obras con encuadernación invertida y paginación independiente.
590 ## - NOTA LOCAL (RLIN)
Nota local Inventariado,2018/DG
650 24 - PUNTO DE ACCESO ADICIONAL DE MATERIA--TÉRMINO DE MATERIA
Término de materia o nombre geográfico como elemento de entrada Turismo
Subdivisión geográfica República Dominicana
Subdivisión general Estadísticas
9 (RLIN) 32027
650 24 - PUNTO DE ACCESO ADICIONAL DE MATERIA--TÉRMINO DE MATERIA
Término de materia o nombre geográfico como elemento de entrada Turismo y desarrollo
Subdivisión geográfica República Dominicana
9 (RLIN) 32028
650 #4 - PUNTO DE ACCESO ADICIONAL DE MATERIA--TÉRMINO DE MATERIA
Término de materia o nombre geográfico como elemento de entrada Comercio turístico
Subdivisión general Estadísticas
9 (RLIN) 32029
700 12 - PUNTO DE ACCESO ADICIONAL--NOMBRE DE PERSONA
Nombre de persona Suberví Bonilla, Rafael,
Término indicativo de función/relación present.
9 (RLIN) 16831
740 02 - PUNTO DE ACCESO ADICIONAL--TÍTULO RELACIONADO O ANALÍTICO NO CONTROLADO
Título relacionado o analítico no controlado Tourism in figures 1990-2002.
910 ## - DATOS DE OPCIÓN DEL USUARIO (OCLC)
Datos de opción del usuario Validado. Control de calidad EMS.
Holdings
Estado de retiro Estado de pérdida Restricciones de uso No para préstamo Código de colección Localización permanente Ubicación/localización actual Ubicación en estantería Fecha de adquisición Número de inventario Total de préstamos Signatura topográfica completa Código de barras Fecha visto por última vez Número de copia Precio válido a partir de Tipo de ítem Koha
        Dominicana de Servicio General General Depósito 07.12.2009 LF1   338.4791 R426t 14174-30 25.06.2020 e. 3 25.06.2020 Libro y Folleto Colección Dominicana de Servicio
      Excluido de préstamo Patrimonio Dominicano Patrimonio Dominicano Patrimonio Dominicano Depósito 07.12.2009 LF1   338.4791 R426t 14174-10 25.06.2020   25.06.2020 Libro y Folleto Colección Patrimonio Dominicano
      Excluido de préstamo Patrimonio Dominicano Patrimonio Dominicano Patrimonio Dominicano Depósito 07.12.2009 LF1   338.4791 R426t 14174-20 25.06.2020 e. 2 25.06.2020 Libro y Folleto Colección Patrimonio Dominicano

Powered by Koha